[Event "Sachsen-Anhalt-ch Seniors 24th"]
[Site "Halberstadt"]
[Date "2016.06.02"]
[Round "5"]
[White "Gerhardt, Peter Michael"]
[Black "Moellmann, Hans Joachim"]
[Result "1-0"]
[WhiteElo "2022"]
[BlackElo "1866"]
[PlyCount "65"]
[EventDate "2016.05.29"]
[EventType "swiss"]
[EventRounds "7"]
[EventCountry "GER"]
[SourceTitle "EXT 2019"]
[Source "ChessBase"]
[SourceDate "2018.10.10"]
[SourceVersion "1"]
[SourceVersionDate "2018.10.10"]
[SourceQuality "1"]

1. d4 Nf6 2. c4 g6 3. Nc3 Bg7 4. e4 d6 5. f3 Nbd7 6. Be3 c5 7. Nge2 cxd4 8. Nxd4 Ne5 9. Qd2 Bd7 10. Be2 Rc8 11. b3 0-0 12. 0-0 a6 13. Rac1 Re8 14. h3 Nc6 15. Rfd1 Qa5 16. Bf1 Nh5 17. Nd5 Qxd2 18. Rxd2 Ng3 19. Nb6 Nxf1 20. Kxf1 Rcd8 21. Nxd7 Rxd7 22. Ne2 Rdd8 23. Nc3 Bxc3 24. Rxc3 Rc8 25. Rc1 Nb8 26. Rcd1 h5 27. g4 Kh7 28. gxh5 gxh5 29. Rd5 e5 30. Rxd6 Rc6 31. Kf2 Rxd6 32. Rxd6 Re6 33. Rd1 1-0

[Event "Sachsen-Anhalt-ch Seniors 24th"]
[Site "Halberstadt"]
[Date "2016.05.29"]
[Round "1"]
[White "Knaak, Joachim"]
[Black "Moellmann, Hans Joachim"]
[Result "1-0"]
[WhiteElo "2134"]
[BlackElo "1866"]
[PlyCount "59"]
[EventDate "2016.05.29"]
[EventType "swiss"]
[EventRounds "7"]
[EventCountry "GER"]
[SourceTitle "EXT 2019"]
[Source "ChessBase"]
[SourceDate "2018.10.10"]
[SourceVersion "1"]
[SourceVersionDate "2018.10.10"]
[SourceQuality "1"]

1. d4 Nf6 2. c4 g6 3. Nc3 Bg7 4. e4 d6 5. f3 0-0 6. Be3 a6 7. Qd2 c6 8. Bd3 Nbd7 9. Nge2 Qc7 10. 0-0 e5 11. d5 c5 12. a3 Rb8 13. b4 b5 14. cxb5 c4 15. b6 Nxb6 16. Bc2 Bd7 17. Rfc1 Rfc8 18. a4 Ne8 19. Rab1 f5 20. a5 Na8 21. exf5 gxf5 22. f4 Qd8 23. fxe5 Bxe5 24. Bg5 Bf6 25. Bf4 Nac7 26. Nd4 Bg7 27. Nxf5 Qf6 28. Nxg7 Qxg7 29. Rf1 Nb5 30. Bh6 1-0